00785nam a22001697a 4500008004100000020001500041050001500056100002300071245004800094260003800142300003400180500002000214505031600234650001400550700002500564700002600589120706t xxu||||| |||| 00| 0 eng d a0072564369 aQC21.3.G53 aGiambattista, Alan aCollege physics vol 2. /cAlan Giambattista aBoston:bHigher education,c2007. axxxii, 1104 p.:bill.;c24cm. aIncludes index. aContents: Electromagnetism: Electric forces and fields -- Electric potential -- Electric current and circuits -- Magnetic forces and fields -- Electromagnetic induction -- Alternating current -- Electromagnetic waves and optic : Electromagnetic waves -- Reflection and refraction of light -- Optical instrument. aPhysics.  aRichardson, Betty M. aRichardson, Robert M.